000 00770nam a22002057a 4500
005 20120911144644.0
010 _aB-483212
020 _a9789380658674
_c195.00
035 _aB-483212
037 _adpl
_bVirtuous Pub/VEN
082 _aN
100 _aSanghi, Ashwin
_952702
245 _aChankya's Chant/
_cby Ashwin Sanghi
260 _aChennai
_bWestland Ltd
_c2010
270 _a165m P.H Road Madhuravyal Chennai
_bChennai
300 _a448p.
_c22cm.(pbk)
942 _2ddc
_cEN
_mSAN
_hN
999 _c69886
_d69886